Fluffy Animals Quiz Stats

 Plays Quiz Updated Apr 25, 2015

Also try: Baby Beasts
Challenge
Share
Tweet
Score 0/25 Timer 05:00
0 Plays Today
% Correct
Sheep
98.6%
Cat
98.4%
Owl
98.2%
Dog
97.9%
Cow
97.8%
Lion
97.7%
Goose
97.4%
Horse
97.3%
Pig
97.3%
Penguin
96.9%
Koala
96.7%
Monkey
94.7%
Alpaca
94.7%
% Correct
Seal
93.8%
Rabbit
93.1%
Ostrich
92.8%
Gorilla
92.8%
Otter
90.7%
Fox
88.8%
Cockatoo
88.7%
Guinea Pig
87.5%
Chicken
80.5%
Woodpecker
76.4%
Red Panda
67.9%
Stoat
58.5%

You're not logged in!

Compare scores with friends on all Sporcle quizzes.
Join for Free
OR
Log In

You Might Also Like...

Show Comments

Extras

Top Quizzes Today


Score Distribution

Your Account Isn't Verified!

In order to create a playlist on Sporcle, you need to verify the email address you used during registration. Go to your Sporcle Settings to finish the process.

Report this User

Report this user for behavior that violates our Community Guidelines.

Details: